LEADER 01217nam a2200289 a 4500 001 000000123493 003 CaOOAMICUS 005 20101022120447.0 008 101022t2010 it abd u000 u ita r 040 $aPUL$bita 082 04$a909 100 1 $aMusti, Domenico,$d1934-$0(OLS)http://pul/name/4054 245 10$aStoria greca :$b[linee di sviluppo dall'età micenea all'età romana] /$c[Domenico Musti]. 260 $aMilano :$bMondadori,$c©2010. 300 $aXVIII, 934 p. :$bill., grafici, c. geogr. ;$c18 cm 490 1 $aClassici della storia ;$v6 500 $aInclude indice. 504 $aBibliografia in nota. 651 4$aGrecia$xStoria antica.$0(OLS)http://pul/subject/24794 830 0$aClassici della storia ;$v6.$0(OLS)http://pul/title/155349 850 $aPUL 852 $aPUL$W1$xSL Cons. Gen., Altre Classi 3$y75$m909 COLL 3.6$j142161$qDDC 21$B141134$CPULBib$Z2$F141134 $H115084 $82 941 1 $a9 996 $6082$a909$9(OLS)http://pul/classification/566 996 $6245$aStoria greca :$b[linee di sviluppo dall'età micenea all'età romana]$9(OLS)http://pul/title/155629 996 $6260$aMilano :$bMondadori$9(OLS)http://pul/publisher/50297 LEADER 01224nam a2200325 a 4500 001 000000123967 003 CaOOAMICUS 005 20101221094501.0 008 101221s2010 it d u000 u ita r 020 $a978-88-15-13892-7 040 $aPUL$bita 082 04$a337 100 1 $aBertola, Giuseppe.$0(OLS)http://pul/name/78191 245 13$aIl mercato /$cGiuseppe Bertola. 250 $a2. ed. aggiornata. 260 $aBologna :$bIl Mulino,$c©2010. 300 $a137 p. :$bgrafici ;$c20 cm 490 1 $aFarsi un'idea ;$v124 504 $aInclude riferimenti bibliografici. 650 4$aEconomia.$0(OLS)http://pul/subject/1893 650 4$aMercati.$0(OLS)http://pul/subject/18899 830 0$aFarsi un'idea ;$v124.$0(OLS)http://pul/title/101466 850 $aPUL 852 $aPUL$W1$xSL Diritto e Scienze Sociali 3$y79$m337 BERGI 1$j142846$qDDC 21$B141781$CPULBib$Z2$F141781 $H115334 $82 941 1 $a9 996 $6020$a978-88-15-13892-7$9(OLS)http://pul/number/146135 996 $6082$a337$9(OLS)http://pul/classification/1692 996 $6245$aIl mercato$9(OLS)http://pul/title/156284 996 $6260$aBologna :$bIl Mulino$9(OLS)http://pul/publisher/47928 LEADER 01358nam a2200301 u 4500 001 000000051802 003 CaOOAMICUS 005 20070226115358.0 008 000927s2000 it u000 u ita u 020 $a8838238480 035 $a10856683 040 $aIPA$bita$dPUL(R)$dMSA 100 1 $aPásztor, Edith,$d1925-$0(OLS)http://pul/name/18371 245 10$aDonne e sante :$bstudi sulla religiosità femminile nel medio evo /$cEdith Pasztor ; presentazione di Marco Bartoli. 260 $aRoma :$bStudium,$c2000. 300 $a311 p. ;$c21 cm 490 1 $aReligione e società ;$v37 504 $aBibliografia in nota. 650 0$aWomen in Christianity$xHistory$yMiddle Ages, 600-1500.$2//eng$0(OLS)http://pul/subject/21733 700 1 $aBartoli, Marco,$d1954-$0(OLS)http://pul/name/23410 830 0$aReligione e società. Storia della Chiesa e dei movimenti cattolici ;$v37.$0(OLS)http://pul/title/104370 850 $aPUL 852 $aPUL$W1$xSL Religione 1$y3$m40 N 12$j68588$nBK-PRI$b $qStampati$B68588$CPULBib$Z2$F68588 $H $81 941 1 $a8 961 $aINV: 83310 996 $6020$a8838238480$9(OLS)http://pul/number/65511 996 $6245$aDonne e sante :$bstudi sulla religiosità femminile nel medio evo$9(OLS)http://pul/title/69542 996 $6260$aRoma :$bStudium$9(OLS)http://pul/publisher/47892 LEADER 01491nam a2200313 u 4500 001 000000070886 003 CaOOAMICUS 005 20070226122054.0 008 020516s1973 ua u000 u fre u 035 $a10930117 040 $aPUL(R)$bita 100 1 $aGutbub, Adolphe.$0(OLS)http://pul/name/47118 245 10$aTextes fondamentaux de la théologie de Kom Ombo /$cAdolphe Gutbub. 260 $a[Le Caire] :$bInstitut français d'archéologie orientale du Caire,$c1973. 300 $a2 v. ;$c28 cm 500 $aIl v. 2. contiene indici. 502 $aThèse (doct.) -- Université de Paris. 504 $aBibliorafia: v. 1., [xxix]-xxxv. 650 4$aLingua egiziana$xIscrizioni.$0(OLS)http://pul/subject/21175 651 4$aEgitto$xReligione.$0(OLS)http://pul/subject/167 651 4$aEgitto$xAntichità.$0(OLS)http://pul/subject/25299 850 $aPUL 852 $aPUL$W1$xDP1 Cons. Gen., Altre Classi 1$y22$m780 E 4-5$j91717$nBK-PRI$b $qStampati$B91717$CPULBib$Z2$F91717 $H $81 852 $aPUL$W1$xDP1 Cons. Gen., Altre Classi 1$y22$m780 E 4-5$j91717$nBK-PRI$b $qStampati$B91718$CPULBib$Z2$F91718 $H $81 941 1 $a8 961 $aINV: 41886 - 41887 961 $aINV: 41886 - 41887 996 $6245$aTextes fondamentaux de la théologie de Kom Ombo$9(OLS)http://pul/title/93374 996 $6260$a[Le Caire] :$bInstitut français d'archéologie orientale du Caire$9(OLS)http://pul/publisher/73289 LEADER 01398nam a2200265 u 4500 001 000000078805 003 CaOOAMICUS 005 20070226123454.0 008 040517s1998 it u000 u ita u 035 $a10995338 040 $aPUL$bita 100 1 $a?ubeli?, Ivan.$0(OLS)http://pul/name/52497 245 13$aLa conferenza episcopale della Jugoslavia 1918-1922 :$bfisionomia dell'istituto ed evoluzione del diritto particolare /$cIvan ?ubeli?. 260 $aRoma :$bPontificia Università Lateranense,$c1998. 300 $a237 p. ;$c24 cm 500 $aIn testa al front.: "Pontificia Universitas Lateranensis. Thesis ad doctoratum in Jure Canonico." 502 $aDiss. (doct.) -- Pontificia Universitas Lateranensis. 504 $aBibliografia in appendice. 611 24$aConferenza episcopale$zJugoslavia$xStoria.$0(OLS)http://pul/subject/27423 650 4$aDiritto canonico$xCritica e interpretazione.$0(OLS)http://pul/subject/2587 850 $aPUL 852 $aPUL$W1$xDP1 Tesi Pon Univ. Lateranense$y41$mTH PUL 798$j100995$nBK-PRI$b $qTesi$B100995$CPULBib$Z2$F100995 $HPUL79997 $81 941 1 $a16 996 $6245$aLa conferenza episcopale della Jugoslavia 1918-1922 :$bfisionomia dell'istituto ed evoluzione del diritto particolare$9(OLS)http://pul/title/103175 996 $6260$aRoma :$bPontificia Università Lateranense$9(OLS)http://pul/publisher/47963 LEADER 01439nam a2200301 a 4500 001 000000143457 003 CaOOAMICUS 005 20150520144914.0 008 150520s2001 it u000 u ita r 020 $a88-348-1060-0 040 $aPUL$bita 082 04$a347.5 100 1 $aSini, Francesco.$0(OLS)http://pul/name/21098 245 10$aSua cuique civitati religio :$breligione e diritto pubblico in Roma antica /$cFrancesco Sini. 260 $aTorino :$bGiappichelli,$c2001. 300 $aXVI, 352 p. ;$c21 cm 490 1 $aUniversità degli Studi di Sassari. Dipartimento di scienze giuridiche, Seminario di diritto romano ;$v13 504 $aBibliografia in nota. 650 4$aDiritto romano$xAspetti religiosi.$0(OLS)http://pul/subject/16355 830 0$aUniversità degli Studi di Sassari.$pDipartimento di scienze giuridiche.$pSeminario di diritto romano ;$v13.$0(OLS)http://pul/title/181522 850 $aPUL 852 $aPUL$W1$xDP2 Diritto e Scienze Sociali 3$y110$m347. 5 SINFR 1$j165595$qDDC 21$B165859$CPULBib$Z2$F165859 $H125833 $82 941 1 $a9 996 $6020$a88-348-1060-0$9(OLS)http://pul/number/157581 996 $6082$a347.5$9(OLS)http://pul/classification/1910 996 $6245$aSua cuique civitati religio :$breligione e diritto pubblico in Roma antica$9(OLS)http://pul/title/181521 996 $6260$aTorino :$bGiappichelli$9(OLS)http://pul/publisher/48244 LEADER 01161nam a2200289 u 4500 001 000000070343 003 CaOOAMICUS 005 20070226122018.0 008 020506s1989 it u000 u ita u 020 $a8821168689 035 $a10928696 040 $aPUL(R)$bita 100 1 $aMasina, Ettore.$0(OLS)http://pul/name/46716 245 13$aEl nido de oro :$bviaggio all'interno del Terzo Mondo /$cEttore Masina ; prefazione di Gina Lagorio. 260 $aGenova :$bMarietti,$c1989. 300 $a232 p. ;$c20 cm 490 1 $aTerzomillennio 504 $aBibliografia in nota. 650 4$aSviluppo economico e aree sottosviluppate.$0(OLS)http://pul/subject/18886 830 0$aTerzomillennio.$0(OLS)http://pul/title/11633 850 $aPUL 852 $aPUL$W1$xSL Filosofia 1$y2$m131 F 78$j91006$nBK-PRI$b $qStampati$B91006$CPULBib$Z2$F91006 $H $81 941 1 $a8 961 $aINV: 62545 996 $6020$a8821168689$9(OLS)http://pul/number/91009 996 $6245$aEl nido de oro :$bviaggio all'interno del Terzo Mondo$9(OLS)http://pul/title/92754 996 $6260$aGenova :$bMarietti$9(OLS)http://pul/publisher/48994 LEADER 01090nam a2200301 a 4500 001 000000133419 003 CaOOAMICUS 005 20130408144746.0 008 130408s2013 it u000 u ita r 020 $a978-88-308-1294-9 040 $aPUL$bita 082 04$a264 100 1 $aLameri, Angelo.$0(OLS)http://pul/name/65595 245 10$aLiturgia /$cAngelo Lameri. 260 $aAssisi :$bCittadella,$c2013. 300 $a202 p. ;$c21 cm 490 1 $aParole della fede 504 $aBibliografia p. [193]-196. 650 4$aLiturgia$xStudi.$0(OLS)http://pul/subject/13193 830 3$aLe Parole della fede.$0(OLS)http://pul/title/163636 850 $aPUL 852 $aPUL$W1$xSL Religione 3$y85$m264 LAMAN 2$j153333$qDDC 21$B152892$CPULBib$Z2$F152892 $H122106 $82 941 1 $a9 996 $6020$a978-88-308-1294-9$9(OLS)http://pul/number/152306 996 $6082$a264$9(OLS)http://pul/classification/492 996 $6245$aLiturgia$9(OLS)http://pul/title/168599 996 $6260$aAssisi :$bCittadella$9(OLS)http://pul/publisher/49668 LEADER 01323nam a2200277 a 4500 001 000000152157 003 CaOOAMICUS 005 20160607151607.0 008 160607s1943 sp obb u000 u spa r 032 $aLibriCat 040 $aPUL$bita 100 1 $aSantos Hernández, Angel,$cS.I.$0(OLS)http://pul/name/20142 245 10$aJesuitas en el Polo Norte : $bla mision de Alaska /$cAngel Santos. 260 $aMadrid :$bGraficas Ultra,$c1943. 300 $a546 p. :$bfoto, c.geog. ;$c24 cm. 500 $aSulla coperta: Consejo superior de investigaciones científicas. Instituto Gonzalo Fernandez de Oviedo. 504 $aBibliografia in nota a piè pagina. 610 24$aGesuiti$xMissioni.$0(OLS)http://pul/subject/15794 710 2 $aConsejo superior de investigaciones científicas.$bInstituto Gonzalo Fernandez de Oviedo.$0(OLS)http://pul/name/96835 850 $aPUL 852 $aPUL$W1$xDP1 Cons. Gen., Altre Classi 1$y22$m933 G 17$j174908$qStampati$B177463$CPULBib$Z2$F177463 $H11273 $81 941 1 $a8 961 $aTimbri: Supremum Hispaniae Consilium Scientiis Pervestigandis D.D. 996 $6245$aJesuitas en el Polo Norte : $bla mision de Alaska$9(OLS)http://pul/title/191531 996 $6260$aMadrid :$bGraficas Ultra$9(OLS)http://pul/publisher/85032 LEADER 01538nam a2200325 a 4500 001 000000141765 003 CaOOAMICUS 005 20150216093024.0 008 150216s1997 it u000 u ita r 020 $a88-15-06126-6 040 $aPUL$bita 041 1 $aita$agrc$alat$hgrc 100 1 $aLeopardi, Giacomo,$cconte,$d1798-1837.$0(OLS)http://pul/name/10277 245 10$aGiulio Africano /$cGiacomo Leopardi ; introduzione, edizione critica e note a cura di Claudio Moreschini. 260 $aBologna :$bIl Mulino,$c1997. 300 $aXXV, 319 p. ;$c19 cm 490 1 $aTesti storici, filosofici e letterari ;$v07 500 $aNell'occhietto: Istituto italiano per gli studi storici in Napoli; Centro nazionale di studi leopardiani in Recanati. 504 $aComprende indicazioni bibliografiche. 546 $aIntroduzione in italiano, testo greco e latino. 700 1 $aMoreschini, Claudio,$d1938-$0(OLS)http://pul/name/1915 710 2 $aIstituto italiano per gli studi storici.$0(OLS)http://pul/name/13583 830 0$aTesti storici, filosofici e letterari (Istituto italiano per gli studi storici) ;$v07.$0(OLS)http://pul/title/21053 850 $aPUL 852 $aPUL$W1$xDP1 Fondo Capitani$y116$m9 B 8$j44650$qFondi$B163627$CPULBib$Z2$F163627 $HCap1566 $82 941 1 $a1 996 $6020$a88-15-06126-6$9(OLS)http://pul/number/156938 996 $6245$aGiulio Africano$9(OLS)http://pul/title/179424 996 $6260$aBologna :$bIl Mulino$9(OLS)http://pul/publisher/47928 LEADER 01190nam a2200313 a 4500 001 000000133958 003 CaOOAMICUS 005 20130521115707.0 008 130521s2013 it u000 ubita r 020 $a978-88-384-6830-8 040 $aPUL$bita 082 04$a282.092 100 1 $aTornielli, Andrea,$d1964-$0(OLS)http://pul/name/53320 245 10$aFrancesco insieme /$cAndrea Tornielli. 260 $aMilano :$bPiemme,$c2013. 300 $a181 p. ;$c22 cm 600 04$aFranciscus PP.,$d1936-2025.$0(OLS)http://pul/subject/39590 850 $aPUL 852 $aPUL$W1$xSL Religione 3$y85$m282. 092 FRANC 6$j154022$qDDC 21$B153573$CPULBib$Z2$F153573 $H122343 $82 941 1 $a9 960 $aFrancesco papa,$d1936-$939590 960 $aPapi (2013-2025 : Franciscus)$939590 960 $aPapi (2013-2025 : Franciscus)$939590 960 $aBergoglio, Jorge Mario$939590 996 $6020$a978-88-384-6830-8$9(OLS)http://pul/number/152727 996 $6082$a282.092$9(OLS)http://pul/classification/402 996 $6245$aFrancesco insieme$9(OLS)http://pul/title/169347 996 $6260$aMilano :$bPiemme$9(OLS)http://pul/publisher/80857